[Event "European Championship (blitz) 2015"]
[Site "Minsk BLR"]
[Date "2015.12.18"]
[Round "8"]
[White "Harutjunyan, Gevorg"]
[Black "Andriasian, Zaven"]
[Result "0-1"]
[WhiteElo "2436"]
[BlackElo "2594"]
[PlyCount "50"]
[EventDate "2015.12.18"]

1. e4 d6 2. d4 g6 3. Nc3 Bg7 4. h4 Nf6 5. Bg5 h6 6. Bxf6 Bxf6 7. Qd2 Nc6 8. Nf3
e5 9. Bb5 exd4 10. Nxd4 Bd7 11. Bxc6 bxc6 12. h5 c5 13. Nde2 g5 14. O-O-O Rb8
15. b3 Be6 16. g3 Qc8 17. f4 Qa6 18. f5 Bc4 19. Rde1 Bxe2 20. Nxe2 Qxa2 21. Qd5
O-O 22. Kd2 Rfe8 23. Nc3 Qa5 24. Re3 Rb4 25. Rhe1 Rd4+ 0-1

[Event "European Championship (blitz) 2015"]
[Site "Minsk BLR"]
[Date "2015.12.18"]
[Round "11"]
[White "Andriasian, Zaven"]
[Black "Motylev, Alexander"]
[Result "1-0"]
[WhiteElo "2594"]
[BlackElo "2653"]
[PlyCount "94"]
[EventDate "2015.12.18"]

1. e4 c6 2. d3 d5 3. Nd2 g6 4. Ngf3 Bg7 5. g3 e5 6. Bg2 Ne7 7. O-O O-O 8. Re1
d4 9. a4 c5 10. Rf1 Nec6 11. Nc4 b6 12. Bg5 f6 13. Bd2 Be6 14. Nh4 Nd7 15. f4
Qe7 16. f5 Bf7 17. fxg6 hxg6 18. Qg4 Kh7 19. Bh3 Rad8 20. Rf2 Rh8 21. Raf1 Nf8
22. Qe2 Kg8 23. Bg2 Be6 24. Nf3 Bg4 25. h4 Qe6 26. Qe1 Bh3 27. Nh2 Nd7 28. Qe2
Bxg2 29. Kxg2 Rf8 30. Qg4 Qxg4 31. Nxg4 Kf7 32. c3 Ke6 33. Nh2 a6 34. cxd4 Nxd4
35. Ne3 Kd6 36. Nd5 Nb3 37. Be3 Rf7 38. Nf3 Rhf8 39. Ng5 b5 40. axb5 axb5 41.
Nxf7+ Rxf7 42. g4 Ke6 43. Nc7+ Kd6 44. Nxb5+ Kc6 45. Nc3 Rf8 46. Nd5 Rh8 47.
Ne7+ Kd6 1-0

[Event "European Championship (blitz) 2015"]
[Site "Minsk BLR"]
[Date "2015.12.18"]
[Round "12"]
[White "Motylev, Alexander"]
[Black "Andriasian, Zaven"]
[Result "1/2-1/2"]
[WhiteElo "2653"]
[BlackElo "2594"]
[PlyCount "84"]
[EventDate "2015.12.18"]

1. e4 d6 2. d4 g6 3. Nc3 Bg7 4. g3 Nf6 5. Bg2 O-O 6. Nge2 e5 7. O-O c6 8. a4
Re8 9. h3 Nbd7 10. g4 b6 11. dxe5 dxe5 12. Ng3 Nc5 13. Be3 Ne6 14. a5 b5 15.
Qxd8 Rxd8 16. Rfd1 Rxd1+ 17. Rxd1 a6 18. Nce2 Bf8 19. f4 exf4 20. Nxf4 Nxf4 21.
Bxf4 Be6 22. Bc7 Rc8 23. Bf4 Bb4 24. Ra1 Nd7 25. c3 Be7 26. Ne2 Bc4 27. Nd4 Nc5
28. Bg3 Nb3 29. Nxb3 Bxb3 30. e5 Kf8 31. Bf2 Ke8 32. Bb6 Kd7 33. Rf1 Ke6 34.
Rf2 Bd5 35. Re2 Bxg2 36. Kxg2 Bd8 37. Rd2 Be7 38. Kf3 Rh8 39. Ke4 h5 40. g5 h4
41. Be3 Rd8 42. Rxd8 Bxd8 1/2-1/2

[Event "European Championship (blitz) 2015"]
[Site "Minsk BLR"]
[Date "2015.12.18"]
[Round "13"]
[White "Andriasian, Zaven"]
[Black "Smirin, Ilia"]
[Result "1-0"]
[WhiteElo "2594"]
[BlackElo "2658"]
[PlyCount "41"]
[EventDate "2015.12.18"]

1. e4 g6 2. d4 Bg7 3. Nc3 d6 4. f4 Nf6 5. Nf3 O-O 6. Bd3 Nc6 7. O-O e5 8. dxe5
dxe5 9. f5 Nb4 10. Bg5 gxf5 11. Kh1 Nxd3 12. cxd3 Qd6 13. Qe2 f4 14. d4 Ng4 15.
dxe5 Nxe5 16. Bxf4 Bg4 17. Rad1 Qg6 18. Bxe5 Bxe5 19. Nxe5 Bxe2 20. Nxg6 Bxf1
21. Nxf8 1-0

[Event "European Championship (blitz) 2015"]
[Site "Minsk BLR"]
[Date "2015.12.18"]
[Round "14"]
[White "Smirin, Ilia"]
[Black "Andriasian, Zaven"]
[Result "1/2-1/2"]
[WhiteElo "2658"]
[BlackElo "2594"]
[PlyCount "67"]
[EventDate "2015.12.18"]

1. e4 d6 2. d4 g6 3. c4 Bg7 4. Nc3 Nf6 5. Nf3 O-O 6. h3 c5 7. d5 b5 8. cxb5 a6
9. a4 axb5 10. Bxb5 Ba6 11. Bg5 Ne8 12. O-O Nc7 13. Qe2 Nd7 14. Rfd1 Re8 15.
Nd2 Qc8 16. Bxa6 Qxa6 17. Nb5 Rab8 18. Nc4 Nxb5 19. axb5 Qxb5 20. Ra5 Qb7 21.
Rda1 Ne5 22. R1a2 Nxc4 23. Qxc4 h6 24. Ra7 Qb4 25. Qxb4 cxb4 26. Bxe7 b3 27.
R2a4 Bxb2 28. Bxd6 Rb5 29. Ra8 Rxa8 30. Rxa8+ Kh7 31. e5 Rxd5 32. Rb8 Bxe5 33.
Bxe5 Rxe5 34. Rxb3 1/2-1/2

[Event "European Championship (blitz) 2015"]
[Site "Minsk BLR"]
[Date "2015.12.18"]
[Round "15"]
[White "Alekseev, Evgeny"]
[Black "Andriasian, Zaven"]
[Result "0-1"]
[WhiteElo "2642"]
[BlackElo "2594"]
[PlyCount "76"]
[EventDate "2015.12.18"]

1. e4 d6 2. d4 g6 3. Nf3 Bg7 4. Nc3 Nf6 5. Be2 O-O 6. O-O c6 7. Bf4 Bg4 8. h3
Bxf3 9. Bxf3 Nfd7 10. Be3 e5 11. Qd2 f5 12. exf5 gxf5 13. dxe5 Nxe5 14. Be2 d5
15. Rad1 Kh8 16. Bg5 Qc7 17. Rfe1 Nbd7 18. Bf4 Qd8 19. Bf1 Ng6 20. Bh6 Nf6 21.
Bxg7+ Kxg7 22. Ne2 Ne4 23. Qd4+ Qf6 24. f3 Nd6 25. Qxf6+ Kxf6 26. Nd4 Rae8 27.
g3 f4 28. g4 Nh4 29. Kf2 Nf7 30. c4 dxc4 31. Bxc4 Ng5 32. Bf1 Rxe1 33. Rxe1 Rd8
34. Nb3 Nhxf3 35. Rc1 Nd2 36. Bg2 Nxb3 37. axb3 Rd2+ 38. Kg1 f3 0-1

[Event "European Championship (blitz) 2015"]
[Site "Minsk BLR"]
[Date "2015.12.18"]
[Round "16"]
[White "Andriasian, Zaven"]
[Black "Alekseev, Evgeny"]
[Result "1-0"]
[WhiteElo "2594"]
[BlackElo "2642"]
[PlyCount "90"]
[EventDate "2015.12.18"]

1. e4 c5 2. Nf3 e6 3. g3 Nc6 4. Bg2 Nf6 5. Qe2 Be7 6. O-O O-O 7. c3 e5 8. d3 d6
9. Na3 Re8 10. Nc4 h6 11. Nh4 Bf8 12. Nf5 d5 13. Nce3 Be6 14. Rd1 Kh7 15. h3 g6
16. Nh4 Bg7 17. Ng4 Nxg4 18. hxg4 Qd6 19. g5 h5 20. Bf3 Kg8 21. Ng2 d4 22. c4
Rab8 23. b3 b5 24. Ne1 a5 25. Nc2 a4 26. Na3 Na7 27. Bd2 bxc4 28. Nxc4 Qc7 29.
Rab1 axb3 30. axb3 Nc6 31. Rdc1 Ra8 32. Rc2 Reb8 33. g4 hxg4 34. Bxg4 Qd7 35.
Bxe6 Qxe6 36. Kg2 Rb7 37. Kg3 Rab8 38. Rcb2 Ra8 39. Qg4 Qxg4+ 40. Kxg4 Kf8 41.
b4 cxb4 42. Bxb4+ Kg8 43. Bd6 Rxb2 44. Rxb2 Rc8 45. Rb5 Nd8 1-0

[Event "European Championship (blitz) 2015"]
[Site "Minsk BLR"]
[Date "2015.12.18"]
[Round "17"]
[White "Zubov, Alexander"]
[Black "Andriasian, Zaven"]
[Result "1/2-1/2"]
[WhiteElo "2601"]
[BlackElo "2594"]
[PlyCount "91"]
[EventDate "2015.12.18"]

1. d4 Nf6 2. c4 c5 3. e3 g6 4. Nc3 cxd4 5. exd4 Bg7 6. d5 O-O 7. Nf3 e6 8. dxe6
dxe6 9. Qc2 Nc6 10. Be3 Ng4 11. Bc5 Re8 12. h3 Qa5 13. hxg4 Qxc5 14. O-O-O b5
15. Ne4 Qe7 16. c5 Bb7 17. Nd6 Nb4 18. Qb3 a5 19. a3 Bd5 20. Qe3 Na6 21. Nxe8
Rxe8 22. Rxd5 exd5 23. Bxb5 Qxe3+ 24. fxe3 Ra8 25. Bxa6 Rxa6 26. Rd1 Kf8 27.
Rxd5 a4 28. Nd4 Ke7 29. Kc2 Bh6 30. c6 Ra8 31. g5 Bg7 32. Rd7+ Ke8 33. Nb5 Be5
34. Rd5 Bg3 35. Kd3 Ke7 36. Rd4 Rb8 37. Rb4 Rc8 38. Nd4 Ra8 39. Rb7+ Ke8 40.
Kc4 Rd8 41. Ra7 Rb8 42. Nb5 Rc8 43. Kc5 Rd8 44. Rxa4 Rd2 45. Re4+ Kd8 46. Rd4+
1/2-1/2

[Event "European Championship (blitz) 2015"]
[Site "Minsk BLR"]
[Date "2015.12.18"]
[Round "18"]
[White "Andriasian, Zaven"]
[Black "Zubov, Alexander"]
[Result "1-0"]
[WhiteElo "2594"]
[BlackElo "2601"]
[PlyCount "106"]
[EventDate "2015.12.18"]

1. e4 d6 2. d4 Nf6 3. Nc3 g6 4. f4 Bg7 5. Nf3 O-O 6. Bd3 Na6 7. O-O c5 8. d5
Rb8 9. Qe2 Nd7 10. Kh1 Nc7 11. a4 Na6 12. Nb5 Ra8 13. c3 Nc7 14. Bd2 b6 15.
Rae1 Bb7 16. Qf2 Nxb5 17. axb5 a6 18. bxa6 Bxa6 19. Bxa6 Rxa6 20. e5 Ra2 21.
Bc1 b5 22. e6 fxe6 23. Ng5 exd5 24. Ne6 Qe8 25. Nxf8 Qxf8 26. Qe2 Nf6 27. Qxb5
h6 28. f5 g5 29. Qb7 Kf7 30. Re6 Ra8 31. Rfe1 Re8 32. Rxd6 Rb8 33. Rxf6+ Bxf6
34. Qxd5+ Kg7 35. Qxc5 Qd8 36. h3 Qd7 37. Qf2 Rb5 38. Rf1 Qd3 39. Qf3 Qc4 40.
Kg1 Rd5 41. Qh5 Qc5+ 42. Kh1 Rxf5 43. Rxf5 Qxf5 44. Qd1 Qe4 45. Bd2 Qd3 46. Qe1
e5 47. b4 e4 48. b5 Qxb5 49. Qxe4 Be5 50. c4 Qb2 51. Qe1 Kf7 52. c5 Ke6 53. Be3
Kd5 1-0

[Event "European Championship (blitz) 2015"]
[Site "Minsk BLR"]
[Date "2015.12.18"]
[Round "21"]
[White "Andriasian, Zaven"]
[Black "Grachev, Boris"]
[Result "1-0"]
[WhiteElo "2594"]
[BlackElo "2652"]
[PlyCount "66"]
[EventDate "2015.12.18"]

1. Nf3 d5 2. g3 c6 3. c4 Nf6 4. Bg2 a6 5. cxd5 cxd5 6. O-O Nc6 7. d4 Bf5 8. Nc3
e6 9. Bf4 Be7 10. Rc1 O-O 11. Na4 Ne4 12. Nd2 Nxd2 13. Qxd2 Rc8 14. Nc5 Bxc5
15. Rxc5 h6 16. Rfc1 Qf6 17. h4 Rcd8 18. Be3 Be4 19. Bf1 Rd7 20. b4 Rfd8 21. a4
e5 22. dxe5 Nxe5 23. Bf4 Nc4 24. Qc3 Qe6 25. a5 f6 26. f3 Bh7 27. e4 Ne5 28.
Bxe5 fxe5 29. Rxd5 Rxd5 30. exd5 Qg6 31. Qxe5 Kh8 32. h5 Qf7 33. Rc7 Qf8 1-0

[Event "European Championship (blitz) 2015"]
[Site "Minsk BLR"]
[Date "2015.12.18"]
[Round "22"]
[White "Grachev, Boris"]
[Black "Andriasian, Zaven"]
[Result "1-0"]
[WhiteElo "2652"]
[BlackElo "2594"]
[PlyCount "77"]
[EventDate "2015.12.18"]

1. d4 Nf6 2. Bf4 g6 3. e3 Bg7 4. h3 O-O 5. Nf3 d6 6. Be2 Nbd7 7. Bh2 Qe8 8. c4
e5 9. Nc3 Qe7 10. O-O Re8 11. Rc1 e4 12. Nd2 Nf8 13. b4 h5 14. Re1 N8h7 15. c5
dxc5 16. bxc5 Bf5 17. Qb3 c6 18. Rb1 Bc8 19. Nc4 Qd8 20. Nd6 Re7 21. Bc4 Ng5
22. h4 Ne6 23. Ncxe4 Nxe4 24. Nxe4 Nc7 25. Nd6 Nd5 26. e4 b5 27. cxb6 Nxb6 28.
Bxf7+ Kh7 29. e5 Bg4 30. Qd3 Rxf7 31. Nxf7 Qxh4 32. Qe4 Qe7 33. e6 Bf5 34. Qxc6
Bxb1 35. Rxb1 Bxd4 36. Qd6 Qf6 37. Qf4 Re8 38. Rd1 Rxe6 39. Ng5+ 1-0

[Event "European Championship (blitz) 2015"]
[Site "Minsk BLR"]
[Date "2015.12.18"]
[Round "1"]
[White "Atakishiyev, Elmar"]
[Black "Zhigalko, Sergei"]
[Result "0-1"]
[WhiteElo "1741"]
[BlackElo "2655"]
[PlyCount "84"]
[EventDate "2015.12.18"]

1. e4 c5 2. Nf3 Nc6 3. d4 cxd4 4. Nxd4 Nf6 5. Nc3 e5 6. Ndb5 d6 7. Bg5 a6 8.
Na3 b5 9. Nd5 Be7 10. Bxf6 Bxf6 11. c3 Bg5 12. Nc2 Ne7 13. a4 bxa4 14. Rxa4 O-O
15. Be2 Nxd5 16. Qxd5 Be6 17. Qd3 Qb6 18. b4 Qc6 19. Ra3 f5 20. exf5 Bd5 21. f3
Kh8 22. O-O e4 23. fxe4 Bxe4 24. Qg3 Bf6 25. Bf3 Qb6+ 26. Kh1 Bxc2 27. Bxa8
Rxa8 28. Qf3 Re8 29. Raa1 Be4 30. Qg3 d5 31. Rae1 h6 32. h3 Qc6 33. Re3 Rc8 34.
Kh2 Qe8 35. Kh1 Be5 36. Qe1 Qb5 37. Qa1 Bxc3 38. Qd1 Bf6 39. Ree1 Rc3 40. Kh2
Qb8+ 41. Kg1 Qxb4 42. Qd2 Qc5+ 0-1

[Event "European Championship (blitz) 2015"]
[Site "Minsk BLR"]
[Date "2015.12.18"]
[Round "2"]
[White "Zhigalko, Sergei"]
[Black "Atakishiyev, Elmar"]
[Result "1-0"]
[WhiteElo "2655"]
[BlackElo "1741"]
[PlyCount "57"]
[EventDate "2015.12.18"]

1. e4 e6 2. d4 d5 3. e5 c5 4. c3 Nc6 5. Nf3 Bd7 6. Be2 Nge7 7. Na3 cxd4 8. cxd4
Nf5 9. Nc2 Qb6 10. O-O a5 11. Kh1 Nb4 12. Ne3 Nxe3 13. fxe3 h6 14. a3 Nc6 15.
Bd3 a4 16. e4 dxe4 17. Bxe4 Be7 18. Bc2 Qb5 19. Bd3 Qb6 20. Rb1 Na5 21. Qe2 Nb3
22. Be3 Qa5 23. Nd2 Nxd2 24. Bxd2 Qd8 25. Qg4 Bg5 26. Bb4 Bc6 27. Bg6 fxg6 28.
Qxe6+ Be7 29. Rf7 1-0

[Event "European Championship (blitz) 2015"]
[Site "Minsk BLR"]
[Date "2015.12.18"]
[Round "3"]
[White "Zhigalko, Sergei"]
[Black "Narva, Mai"]
[Result "1-0"]
[WhiteElo "2655"]
[BlackElo "2048"]
[PlyCount "39"]
[EventDate "2015.12.18"]

1. e4 c5 2. Nf3 Nc6 3. c3 g6 4. d4 cxd4 5. cxd4 Bg7 6. Nc3 d6 7. h3 e6 8. Be3
Nge7 9. Be2 O-O 10. O-O d5 11. e5 Nf5 12. Bf4 f6 13. Qd2 fxe5 14. dxe5 a6 15.
Rac1 Bd7 16. Rfe1 Rc8 17. Bd3 Na5 18. b3 b5 19. Ne2 Nc6 20. Bb1 1-0

[Event "European Championship (blitz) 2015"]
[Site "Minsk BLR"]
[Date "2015.12.18"]
[Round "4"]
[White "Narva, Mai"]
[Black "Zhigalko, Sergei"]
[Result "0-1"]
[WhiteElo "2048"]
[BlackElo "2655"]
[PlyCount "63"]
[EventDate "2015.12.18"]

1. e4 c5 2. Nf3 Nc6 3. Bb5 Nf6 4. e5 Nd5 5. c3 Nc7 6. Bxc6 dxc6 7. d4 Bg4 8.
Be3 Nd5 9. O-O e6 10. Nbd2 Be7 11. Ne4 cxd4 12. Bxd4 O-O 13. h3 Bh5 14. Ng3 Bg6
15. c4 Nb4 16. Qb3 Qc7 17. Rac1 Rfd8 18. a3 Nd3 19. Rcd1 c5 20. Be3 Rd7 21. h4
h6 22. Qc3 Rad8 23. h5 Bh7 24. Rd2 a6 25. Rfd1 b5 26. cxb5 axb5 27. b3 c4 28.
bxc4 Qxc4 29. Qxc4 bxc4 30. Rc2 Nxe5 31. Rxd7 Rxd7 32. Nxe5 0-1

[Event "European Championship (blitz) 2015"]
[Site "Minsk BLR"]
[Date "2015.12.18"]
[Round "5"]
[White "Lanin, Alexsej"]
[Black "Zhigalko, Sergei"]
[Result "1/2-1/2"]
[WhiteElo "2394"]
[BlackElo "2655"]
[PlyCount "70"]
[EventDate "2015.12.18"]

1. e4 c5 2. Nf3 Nc6 3. Bb5 Nf6 4. Qe2 g6 5. c3 Bg7 6. O-O O-O 7. d4 d5 8. e5
Ne4 9. Nbd2 Nxd2 10. Bxd2 cxd4 11. cxd4 Qb6 12. Bc3 Bg4 13. Bxc6 Qxc6 14. h3
Bf5 15. Rfc1 Rfc8 16. Qd2 h6 17. Bb4 Qd7 18. Rxc8+ Rxc8 19. Rc1 Rxc1+ 20. Qxc1
b6 21. Bd2 g5 22. h4 f6 23. hxg5 hxg5 24. exf6 exf6 25. Be3 Bf8 26. a3 Bd6 27.
Nh2 Kf7 28. Nf1 Qb5 29. Qd2 Qc4 30. Ng3 Bg6 31. Ne2 a5 32. Nc3 b5 33. Ne2 b4
34. axb4 Bxb4 35. Qd1 Bc2 1/2-1/2

[Event "European Championship (blitz) 2015"]
[Site "Minsk BLR"]
[Date "2015.12.18"]
[Round "6"]
[White "Zhigalko, Sergei"]
[Black "Lanin, Alexsej"]
[Result "1-0"]
[WhiteElo "2655"]
[BlackElo "2394"]
[PlyCount "57"]
[EventDate "2015.12.18"]

1. e4 c5 2. Nf3 d6 3. d4 cxd4 4. Qxd4 Nf6 5. Nc3 a6 6. Bc4 Nc6 7. Qd3 Bg4 8.
Bb3 e6 9. Bf4 Qc7 10. O-O-O O-O-O 11. h3 Bh5 12. g4 Bg6 13. Nh4 Be7 14. Nxg6
hxg6 15. Kb1 Nd7 16. Qg3 Nce5 17. g5 Rh7 18. Bc1 Rdh8 19. f4 Nc4 20. Rd4 Na5
21. f5 gxf5 22. exf5 Nc6 23. Rdd1 Nc5 24. g6 Nxb3 25. gxh7 Nxc1 26. Qxg7 Qd8
27. Qxf7 Ne5 28. Qxe6+ Kb8 29. Rhf1 1-0

[Event "European Championship (blitz) 2015"]
[Site "Minsk BLR"]
[Date "2015.12.18"]
[Round "7"]
[White "Zhigalko, Sergei"]
[Black "Tukhaev, Adam"]
[Result "1-0"]
[WhiteElo "2655"]
[BlackElo "2564"]
[PlyCount "90"]
[EventDate "2015.12.18"]

1. e4 Nf6 2. e5 Nd5 3. d4 d6 4. Nf3 g6 5. Bc4 Nb6 6. Bb3 Bg7 7. Qe2 O-O 8. h3
Nc6 9. O-O dxe5 10. dxe5 Nd4 11. Nxd4 Qxd4 12. Re1 Be6 13. Nd2 Bxb3 14. axb3 a6
15. Nf3 Qd5 16. Bg5 Rfe8 17. Rad1 Qb5 18. Qe4 h6 19. Bc1 Rab8 20. Qh4 Kh7 21.
Rd4 e6 22. Red1 c5 23. Rf4 Rf8 24. Ng5+ Kg8 25. Ne4 Qe2 26. Nc3 Qxc2 27. Rf3
Nd5 28. Re1 g5 29. Qc4 Nxc3 30. Rxc3 Qf5 31. Qxc5 Rbc8 32. Qe3 Rxc3 33. bxc3
Rd8 34. Ba3 Rd3 35. Qc5 Rd2 36. Bb4 Qc2 37. Qe3 Rd1 38. Rxd1 Qxd1+ 39. Kh2 Qxb3
40. Bd6 Qd5 41. f4 gxf4 42. Qxf4 a5 43. c4 Qd3 44. c5 Qf5 45. Qd4 Qc2 1-0

[Event "European Championship (blitz) 2015"]
[Site "Minsk BLR"]
[Date "2015.12.18"]
[Round "8"]
[White "Tukhaev, Adam"]
[Black "Zhigalko, Sergei"]
[Result "0-1"]
[WhiteElo "2564"]
[BlackElo "2655"]
[PlyCount "74"]
[EventDate "2015.12.18"]

1. e4 c5 2. Nf3 Nc6 3. Bb5 Nf6 4. d3 Qa5+ 5. Nc3 Nd4 6. Bc4 b5 7. Bb3 Nxb3 8.
cxb3 d6 9. O-O e6 10. Re1 Be7 11. d4 b4 12. Nb1 cxd4 13. Nxd4 Bb7 14. Nd2 Qc5
15. Nc4 Bxe4 16. Be3 Qd5 17. f3 Bg6 18. Qd2 Rb8 19. Red1 O-O 20. Qf2 Qa8 21.
Na5 Rbc8 22. Rac1 Nd5 23. Ndc6 Bf6 24. Bxa7 Rc7 25. Bd4 Rfc8 26. Bxf6 gxf6 27.
Rc4 Rxc6 28. Nxc6 Rxc6 29. Rdc1 Rxc4 30. bxc4 Nf4 31. Rd1 Nd3 32. Qd4 Qxa2 33.
h4 Nxb2 34. Rd2 Qb1+ 35. Kh2 Nd3 36. h5 Qe1 37. hxg6 Qxd2 0-1

[Event "European Championship (blitz) 2015"]
[Site "Minsk BLR"]
[Date "2015.12.18"]
[Round "9"]
[White "Zhigalko, Sergei"]
[Black "Bortnyk, Olexandr"]
[Result "1/2-1/2"]
[WhiteElo "2655"]
[BlackElo "2552"]
[PlyCount "92"]
[EventDate "2015.12.18"]

1. e4 d6 2. d4 Nf6 3. Nc3 Nbd7 4. Nf3 e5 5. Bc4 Be7 6. O-O O-O 7. a4 a5 8. Re1
c6 9. h3 h6 10. Ba2 Qc7 11. Nh4 exd4 12. Qxd4 Nc5 13. Ng6 Rd8 14. Be3 Be6 15.
Nxe7+ Qxe7 16. e5 Nfd7 17. exd6 Qf8 18. Rad1 Bxa2 19. Nxa2 Ne6 20. Qd2 Ra6 21.
Nc3 Nf6 22. Qd3 Nd5 23. Ne4 Nb4 24. Qb3 b5 25. Nc5 Nxc5 26. Bxc5 bxa4 27. Qxa4
Nd5 28. c4 Nf4 29. Be3 Ne6 30. c5 Rb8 31. Rd2 Qd8 32. d7 Rb4 33. Qc2 Ra7 34.
Red1 a4 35. Rd6 Rbb7 36. Qe4 Rxd7 37. Qxc6 Rxd6 38. cxd6 Qd7 39. Qd5 Rb7 40.
Rd2 Rb3 41. Qa5 g6 42. Qa7 Rb7 43. Qa5 Kg7 44. Qe5+ Kh7 45. Qf6 Ng7 46. g4 Qb5
1/2-1/2

[Event "European Championship (blitz) 2015"]
[Site "Minsk BLR"]
[Date "2015.12.18"]
[Round "10"]
[White "Bortnyk, Olexandr"]
[Black "Zhigalko, Sergei"]
[Result "1-0"]
[WhiteElo "2552"]
[BlackElo "2655"]
[PlyCount "81"]
[EventDate "2015.12.18"]

1. d4 Nf6 2. Nc3 d5 3. Bf4 e6 4. Nb5 Na6 5. e3 Be7 6. Nf3 O-O 7. a3 c6 8. Nc3
c5 9. Bd3 Bd7 10. O-O c4 11. Be2 b5 12. Ne5 b4 13. axb4 Nxb4 14. b3 cxb3 15.
cxb3 Qb6 16. Na4 Bxa4 17. bxa4 a5 18. Bb5 Rfc8 19. Rc1 Rxc1 20. Qxc1 Nh5 21.
Nd7 Qa7 22. Be5 f6 23. Bb8 Rxb8 24. Nxb8 Qxb8 25. g4 Bd6 26. gxh5 Bxh2+ 27. Kg2
Bd6 28. Qd2 h6 29. Rc1 Qf8 30. Qe2 f5 31. Bd7 Qf6 32. Rc8+ Bf8 33. Re8 Kh7 34.
Bxe6 g6 35. Qb5 Qg5+ 36. Kf1 Qxh5 37. Qd7+ Bg7 38. Bg8+ Kh8 39. Bxd5+ Kh7 40.
Rh8+ Kxh8 41. Qe8+ 1-0

[Event "European Championship (blitz) 2015"]
[Site "Minsk BLR"]
[Date "2015.12.18"]
[Round "11"]
[White "Ladva, Ottomar"]
[Black "Zhigalko, Sergei"]
[Result "0-1"]
[WhiteElo "2401"]
[BlackElo "2655"]
[PlyCount "82"]
[EventDate "2015.12.18"]

1. d4 Nf6 2. c4 e6 3. Nc3 Bb4 4. Qc2 O-O 5. Nf3 c5 6. dxc5 Na6 7. g3 Nxc5 8.
Bg2 b6 9. O-O Bb7 10. Nb5 Be4 11. Qd1 Nb7 12. a3 Be7 13. Bf4 d5 14. Nc3 Rc8 15.
cxd5 Bxd5 16. Nxd5 Nxd5 17. Be5 Bf6 18. e4 Nc7 19. Qxd8 Rfxd8 20. Rfd1 Ne8 21.
Rac1 Rxc1 22. Rxc1 Nc5 23. Bxf6 Nxf6 24. e5 Ng4 25. h3 Nxf2 26. Rxc5 bxc5 27.
Kxf2 Rb8 28. Bf1 Rxb2+ 29. Ke1 Rb3 30. Be2 Rxa3 31. Kd2 Kf8 32. g4 Ke7 33. h4
h6 34. Ne1 Kd7 35. Nc2 Rh3 36. h5 Kc6 37. Ne3 a5 38. Bd1 Kb5 39. Be2+ Kb4 40.
Nc2+ Kb3 41. Na1+ Kb2 0-1

[Event "European Championship (blitz) 2015"]
[Site "Minsk BLR"]
[Date "2015.12.18"]
[Round "12"]
[White "Zhigalko, Sergei"]
[Black "Ladva, Ottomar"]
[Result "1-0"]
[WhiteElo "2655"]
[BlackElo "2401"]
[PlyCount "83"]
[EventDate "2015.12.18"]

1. e4 c5 2. Nf3 e6 3. c3 d5 4. e5 d4 5. Bd3 Bd7 6. O-O Bc6 7. Re1 g5 8. b4 g4
9. b5 Bd5 10. c4 Bxf3 11. gxf3 gxf3 12. Qxf3 Qc7 13. Be4 Nd7 14. Bxb7 Rb8 15.
Bc6 Ne7 16. d3 Bg7 17. Bf4 O-O 18. Bxd7 Qxd7 19. Bg5 Nf5 20. Nd2 Kh8 21. Kh1
Rg8 22. Ne4 Bxe5 23. Nf6 Qc7 24. Nxg8 Rxg8 25. Rg1 Rg6 26. h3 Qd7 27. Bd2 Bc7
28. Rg4 h5 29. Re4 h4 30. Rg1 Kg7 31. Bf4 Bxf4 32. Qxf4 Qb7 33. Qe5+ Kh7 34.
Rxg6 Kxg6 35. Kg1 Qb6 36. Rg4+ Kh7 37. Qf6 Qc7 38. Qg5 Qb8 39. Qh5+ Nh6 40.
Rxh4 Qg8+ 41. Kf1 Qg7 42. a4 1-0

[Event "European Championship (blitz) 2015"]
[Site "Minsk BLR"]
[Date "2015.12.18"]
[Round "15"]
[White "Zhigalko, Sergei"]
[Black "Bortnyk, Mykola"]
[Result "1-0"]
[WhiteElo "2655"]
[BlackElo "2416"]
[PlyCount "114"]
[EventDate "2015.12.18"]

1. e4 Nf6 2. e5 Nd5 3. d4 d6 4. Nf3 dxe5 5. Nxe5 c6 6. Be2 Bf5 7. O-O Nd7 8.
Nf3 N7f6 9. a3 e6 10. c4 Nb6 11. Bf4 Be7 12. Nc3 O-O 13. Re1 h6 14. h3 Ne4 15.
Bf1 Nxc3 16. bxc3 c5 17. Qb3 Qe8 18. a4 cxd4 19. cxd4 Qc8 20. a5 Nd7 21. c5 a6
22. Ra2 Nb8 23. Rb2 Ra7 24. Ne5 Bd8 25. Ra1 Nc6 26. Nxc6 Qxc6 27. Bb8 Ra8 28.
Bd6 Be4 29. Bxf8 Kxf8 30. f3 Bd5 31. Bc4 Bf6 32. Rd1 Bxc4 33. Qxc4 Rd8 34. Rb6
Qc7 35. c6 bxc6 36. Rxa6 c5 37. d5 exd5 38. Rxd5 Bd4+ 39. Kf1 g6 40. Rb6 Rxd5
41. Qxd5 Qg3 42. Qa2 Qh2 43. Qd2 Qg1+ 44. Ke2 Qxg2+ 45. Kd3 Qxf3+ 46. Kc4 Kg7
47. a6 Qa3 48. Qc2 Qa5 49. Rc6 h5 50. Kd5 Qd8+ 51. Kc4 Qa5 52. Kd5 Qd8+ 53. Kc4
Qa5 54. Qb3 Qa1 55. Kb5 h4 56. Rc7 Bc3 57. Qxf7+ Kh6 1-0

[Event "European Championship (blitz) 2015"]
[Site "Minsk BLR"]
[Date "2015.12.18"]
[Round "16"]
[White "Bortnyk, Mykola"]
[Black "Zhigalko, Sergei"]
[Result "0-1"]
[WhiteElo "2416"]
[BlackElo "2655"]
[PlyCount "132"]
[EventDate "2015.12.18"]

1. e4 c5 2. c3 Nf6 3. e5 Nd5 4. d4 cxd4 5. Nf3 Nc6 6. cxd4 d6 7. Bc4 Nb6 8. Bb5
d5 9. Nc3 Bf5 10. Nh4 Bd7 11. O-O e6 12. g3 Rc8 13. Be3 a6 14. Be2 Be7 15. Ng2
O-O 16. Rc1 Nc4 17. Bxc4 dxc4 18. Nf4 Nb4 19. a3 Nc6 20. Re1 Na5 21. d5 Nb3 22.
Rc2 b5 23. h4 Bc5 24. Bxc5 Nxc5 25. Qf3 exd5 26. Ncxd5 Bf5 27. Rd2 Nd3 28. g4
Nxe1 29. Qe2 Bd3 30. Qxe1 Qxh4 31. Qd1 Be4 32. Ng2 Bxg2 33. Kxg2 Kh8 34. Qf3
Rcd8 35. Rd1 Qg5 36. Re1 Rxd5 37. Qxd5 Qxg4+ 38. Kh2 Qh4+ 39. Kg2 Qg4+ 40. Kh2
Qe6 41. Qd4 Re8 42. Re3 g6 43. f4 Kg7 44. Kg3 h5 45. Kf2 Kh7 46. a4 Re7 47.
axb5 axb5 48. Qc5 Rb7 49. Rf3 Qf5 50. Kg3 Rd7 51. Qf2 Rd1 52. Kh2 Rc1 53. Qe3
Rc2+ 54. Rf2 b4 55. Rxc2 Qxc2+ 56. Kh1 Qb1+ 57. Kg2 Qxb2+ 58. Kh1 Qb1+ 59. Kh2
Qc2+ 60. Kh1 Qd1+ 61. Kh2 Qd5 62. f5 gxf5 63. Qf4 Qe4 64. Qg5 Qxe5+ 65. Kh3 Qe6
66. Kh4 Qg6 0-1

[Event "European Championship (rapid) 2015"]
[Site "Minsk BLR"]
[Date "2015.12.20"]
[Round "8"]
[White "Pustovoitova, Daria"]
[Black "Inarkiev, Ernesto"]
[Result "0-1"]
[WhiteElo "2356"]
[BlackElo "2668"]
[PlyCount "68"]
[EventDate "2015.12.19"]

1. d4 Nf6 2. c4 c5 3. d5 g6 4. Nc3 d6 5. Nf3 Bg7 6. Nd2 O-O 7. e4 Na6 8. Be2
Nc7 9. O-O Rb8 10. a4 b6 11. f4 a6 12. h3 e6 13. dxe6 Nxe6 14. Nf3 Bb7 15. Bd3
Nh5 16. Ne2 f5 17. exf5 gxf5 18. Qe1 d5 19. Qh4 Qe8 20. g4 Nf6 21. Bxf5 dxc4
22. Ra3 Nd4 23. Nexd4 cxd4 24. Nxd4 Rd8 25. Re3 Qxa4 26. Ne6 Qc6 27. Ref3 Rd1
28. Rxd1 Qxf3 29. Rd2 Qh1+ 30. Kf2 Qxc1 31. Rc2 Ne4+ 32. Kf3 Qd1+ 33. Re2 Qd3+
34. Kg2 Qxe2+ 0-1

[Event "European Championship (rapid) 2015"]
[Site "Minsk BLR"]
[Date "2015.12.20"]
[Round "9"]
[White "Inarkiev, Ernesto"]
[Black "Grachev, Boris"]
[Result "1/2-1/2"]
[WhiteElo "2668"]
[BlackElo "2652"]
[PlyCount "70"]
[EventDate "2015.12.19"]

1. e4 c5 2. Nf3 e6 3. d4 cxd4 4. Nxd4 Nc6 5. Nc3 a6 6. f3 d5 7. exd5 exd5 8.
Be3 Be7 9. Qd2 Bf6 10. O-O-O Nge7 11. h4 O-O 12. h5 h6 13. g4 Nxd4 14. Bxd4
Bxd4 15. Qxd4 Be6 16. Qf4 Rc8 17. Bd3 Nc6 18. Kb1 Qg5 19. Qg3 d4 20. Ne4 Bxa2+
21. Kxa2 Qa5+ 22. Kb1 Nb4 23. g5 hxg5 24. h6 Qa2+ 25. Kc1 Nxd3+ 26. Rxd3 Qa1+
27. Kd2 Qxh1 28. hxg7 Rfe8 29. Nf6+ Kxg7 30. Nxe8+ Rxe8 31. Qxg5+ Kf8 32. Qc5+
Kg8 33. Qg5+ Kf8 34. Qc5+ Kg8 35. Qg5+ Kf8 1/2-1/2